[Event "Winter CCCSA-IM 2020"]
[Site "Charlotte"]
[Date "2020.01.19"]
[Round "6.3"]
[White "Wheeler, Cameron"]
[Black "Li, Eric"]
[Result "1/2-1/2"]
[WhiteElo "2383"]
[BlackElo "2195"]
[Annotator "RC"]
[PlyCount "38"]
[EventDate "2020.01.17"]
[EventType "tourn"]
[EventCountry "USA"]
[SourceTitle "playchess.com"]
[Source "ChessBase"]
[SourceQuality "1"]
[TimeControl "5400+30"]

1. d4 {[%emt 1:30:30]} Nf6 {[%emt 1:30:30]} 2. c4 {[%emt 0:00:30]} e6 {[%emt 0:00:30]} 3. g3 {[%emt 0:00:30]} d5 {[%emt 0:00:30]} 4. Nf3 {[%emt 0:00:30]} Bb4+ {[%emt 0:00:30]} 5. Bd2 {[%emt 0:00:30]} Be7 {[%emt 0:00:30]} 6. Bg2 {[%emt 0:00:30]} O-O {[%emt 0:00:30]} 7. O-O {[%emt 0:00:30]} c6 {[%emt 0:00:30]} 8. Bg5 {[%emt 0:00:30]} Nbd7 {[%emt 0:00:30]} 9. Nbd2 {[%emt 0:00:30]} b6 {[%emt 0:00:30]} 10. Qc2 {[%emt 0:00:30]} Bb7 {[%emt 0:00:30]} 11. Rad1 {[%emt 0:00:30]} Rc8 {[%emt 0:00:30]} 12. Qb1 {[%emt 0:00:30]} h6 {[%emt 0:00:30]} 13. Bxf6 {[%emt 0:00:30]} Nxf6 {[%emt 0:00:30]} 14. e4 {[%emt 0:00:30]} dxe4 {[%emt 0:00:30]} 15. Nxe4 {[%emt 0:00:30]} Qc7 {[%emt 0:00:30]} 16. Nxf6+ {[%emt 0:00:30]} Bxf6 {[%emt 0:00:30]} 17. c5 {[%emt 0:00:30]} Ba6 {[%emt 0:00:30]} 18. Rfe1 {[%emt 0:00:30]} Rfd8 {[%emt 0:00:30]} 19. b4 {[%emt 0:00:30]} bxc5 {[%emt 0:00:30]} 1/2-1/2

[Event "Winter CCCSA-IM 2020"]
[Site "Charlotte"]
[Date "2020.01.19"]
[Round "6.4"]
[White "Liang, Jason"]
[Black "Jacobson, Aaron"]
[Result "1/2-1/2"]
[WhiteElo "2353"]
[BlackElo "2336"]
[Annotator "TA"]
[PlyCount "105"]
[EventDate "2020.01.17"]
[EventType "tourn"]
[EventCountry "USA"]
[SourceTitle "playchess.com"]
[Source "ChessBase"]
[SourceQuality "1"]

{[%evp 10,105,13,8,12,7,5,15,15,12,20,8,33,-33,-29,-41,-37,-20,0,-70,-47,-60,-38,-73,-67,-71,-56,-157,-150,-204,-208,-229,-171,-189,-141,-178,-66,-52,15,-28,-12,-10,0,0,-8,-4,0,0,0,0,0,0,0,0,6,0,0,0,7,0,0,0,0,-8,-8,-16,0,0,0,0,0,0,0,0,6,0,0,0,0,0,0,0,0,0,0,0,0,0,0,0,0,0,0,0,0,0,0,0]} 1. b3 e5 2. Bb2 Nc6 3. e3 d5 4. Bb5 Bd6 5. Nf3 f6 6. c4 a6 {A01: Nimzowitsch-Larsen Opening} (6... Nge7 7. Nc3 a6 8. Ba4 O-O 9. O-O Nb4 10. d4 e4 11. Ne1 Be6 12. a3 Nbc6 13. Bxc6 bxc6 14. c5 Bxh2+ 15. Kxh2 {½-½ (62) Zhao,X (2506)-Kosteniuk,A (2554) Huaian 2016}) 7. Bxc6+ bxc6 8. Qc2 e4 $146 ({Predecessor:} 8... Be6 9. d3 Nh6 10. O-O O-O 11. Ba3 Qd7 12. Bxd6 cxd6 13. Nc3 dxc4 14. dxc4 {0-1 (50) Gonzalez Rodriguez,J (2372)-Jerez Perez,A (2405) Barcelona 2015}) 9. Nd4 Ne7 10. O-O O-O 11. Nc3 ({White should try} 11. Ba3 $14) 11... Qe8 $36 {[%mdl 2048] Black has good play.} 12. f4 exf3 $1 13. Nxf3 Qh5 14. e4 (14. Na4 $1 $11 Bf5 15. d3) 14... dxc4 15. bxc4 Qc5+ (15... Bg4 $5 {[%cal Rg4f3]} 16. d4 Bxf3 17. gxf3 Rab8 $15) 16. Kh1 Qxc4 17. d3 Qf7 18. e5 ({Better is} 18. Na4 $15) 18... fxe5 $17 19. Nd2 {[#]} (19. Ne4 $17) 19... Nf5 $1 $19 {[%cal Rf5g3] ( -> ...Ng3+!)} 20. Qa4 {With the idea g4.} Qe8 21. Nce4 Bd7 22. Rae1 Qb8 (22... Be6 $19 23. Nc4 Bd5) 23. Bxe5 $15 Qd8 ({Black should play} 23... Bxe5 $15 24. Nc5 {[%mdl 64] [#] Double Attack} Bg3 $1 {[%mdl 512]} 25. Nxd7 Qb5 26. Qb3+ Qxb3 27. Nxb3 Bxe1 28. Nxf8 Re8) 24. Nc4 {[%cal Rc4d6]} c5 25. Qd1 {[%cal Rc4d6] The position is equal.} Be6 26. Bxd6 cxd6 27. Nexd6 Bxc4 28. Nxc4 Qh4 {White must now prevent ...Ng3+.} 29. Qf3 Rad8 30. Ne5 Nd4 31. Qb7 {Rxf8+ would kill now.} Rf5 32. g3 Qh3 33. Rxf5 Qxf5 34. Kg2 h6 35. Qe4 Qe6 36. Ng6 (36. a4 {looks sharper.} Nc2 37. Re2 Nb4 38. a5 Nxd3 39. Nxd3 Qxe4+ 40. Rxe4 Rxd3 41. Re6) 36... Qxe4+ 37. Rxe4 $11 {[%mdl 4096] Endgame KRN-KRN} Nc6 38. Rc4 Rxd3 39. Rxc5 Rd2+ 40. Kh3 Nd4 41. Rd5 Kf7 42. Nh4 Ke6 43. Ra5 g5 44. Rxa6+ Kd5 45. Ng6 h5 {aiming for ...Nf3.} 46. Ra5+ Ke6 47. Rxg5 {Strongly threatening Nf4+.} Kf6 48. Rxh5 {And now Nf4 would win.} Kxg6 49. Rd5 Kf6 50. a4 Ke6 51. Rd8 Ke7 52. Rd5 Ke6 53. Rd8 {Accuracy: White = 47%, Black = 61%.} 1/2-1/2

[Event "Winter CCCSA-IM 2020"]
[Site "Charlotte"]
[Date "2020.01.19"]
[Round "6.5"]
[White "Uyanga, Byambaa"]
[Black "Gauri, Shankar"]
[Result "0-1"]
[WhiteElo "2113"]
[BlackElo "2350"]
[Annotator "TA"]
[PlyCount "140"]
[EventDate "2020.01.17"]
[EventType "tourn"]
[EventCountry "USA"]
[SourceTitle "playchess.com"]
[Source "ChessBase"]
[SourceQuality "1"]

{[%evp 15,140,0,18,0,0,0,0,0,26,0,0,0,20,17,33,13,22,4,12,-11,15,-20,8,-16,0,0,0,0,0,-42,-45,-45,-50,-60,-60,-51,-45,-60,-57,-60,-42,-117,0,0,0,0,0,-58,-58,-58,-58,-74,-74,-74,-74,-74,-74,-74,-69,-73,-68,-76,-75,-75,-64,-64,-64,-64,-64,-75,-58,-58,-58,-85,0,-57,-57,-72,-73,-93,-104,-111,-111,-174,-173,-205,-207,-207,-203,-200,-200,-191,-182,-29966,-29968,-29971,-29971,-29974,-29976,-29975,-29976,-29976,-29975,-29975,-29976,-29978,-29979,-29979,-29980,-29983,-29980,-29979,-29980,-29982,-29982,-29982,-29982,-29983,-29984,-29983,-29984,-29986,-29984,-29990,-29991,-29994,-29995]} 1. e4 c6 2. d4 d5 3. Nc3 dxe4 4. Nxe4 Nf6 5. Nxf6+ exf6 6. Nf3 Bd6 7. Be2 O-O 8. O-O Re8 9. c4 {B15: Caro-Kann: 3 Nc3: 3...g6 and 3...dxe4 4 Nxe4 Nf6 5 Nxf6+ exf6} Nd7 10. Re1 (10. Bd3 Nf8 11. h3 Ng6 12. Qc2 Qa5 13. c5 Bb8 14. Bd2 Qd8 15. Rfe1 Be6 16. Bc4 Nf8 {0-1 (47) Nepomniachtchi,I (2767)-Carlsen,M (2840) Doha 2016}) 10... Nf8 11. Qb3 {The position is equal.} Ng6 12. Bd2 $146 (12. c5 {is more complex.} Bc7 13. Bd2 Be6 14. Qxb7 Bd5 15. Qa6) ({Predecessor:} 12. g3 c5 13. Be3 Qc7 14. dxc5 Bxc5 15. Qb5 Rxe3 16. fxe3 Bxe3+ 17. Kg2 {1-0 (44) Perez Carballo,M (2146)-Kane,R (1830) England 2012}) 12... b6 13. Bf1 (13. Bd3 {is interesting.} Be6 14. Qc3 Qd7 15. Bc2 Bg4 16. h3) 13... Rxe1 14. Rxe1 Be6 15. Qc2 Qd7 16. b4 Bc7 17. g3 Rd8 18. Bc1 h5 19. a4 a6 20. h4 Bg4 21. Bg2 b5 22. axb5 (22. Be3 {keeps more tension.} Bf5 23. Qe2 bxa4 24. Qa2 Be6 25. Nd2) 22... axb5 23. cxb5 cxb5 24. d5 Bd6 25. Qb3 Bh3 26. Be3 Bxg2 27. Kxg2 Qg4 28. Bc5 {[#]} (28. Rd1 $15) 28... Nf4+ (28... Bxc5 $1 $17 29. bxc5 Rxd5) 29. Kg1 $11 Bxc5 30. bxc5 Rxd5 $40 {[%mdl 128] Hoping for ...Rd3! Black attacks.} 31. Nh2 (31. c6 $1 $11 Rd8 32. Nh2 Nh3+ 33. Kg2 Nf4+ 34. Kg1 Nh3+ 35. Kf1) 31... Qg6 $1 $15 ({But not} 31... Nh3+ $6 32. Kg2 $16) 32. Qxb5 {Black must now prevent Qb8+.} Ne6 33. Qb8+ Kh7 34. c6 {aiming for c7.} Qc2 35. Qe8 Rf5 36. Rf1 Kg6 37. Qd7 Rc5 38. Nf3 Rxc6 39. Nd4 Nxd4 40. Qxd4 $17 {[%mdl 4096] Endgame KQR-KQR} Rc4 41. Qd5 Rc5 42. Qd4 Rf5 43. Re1 Kh7 44. Kg2 Kg6 45. Kg1 Qa2 46. g4 Rd5 47. Qe4+ Kh6 48. Qf4+ Kh7 49. Qe4+ {[#]} (49. gxh5 $17 {might work better.} Rxh5 50. Kg2) 49... g6 $1 $19 50. Qf4 hxg4 51. Qxg4 Rf5 52. Re2 Qb1+ 53. Kg2 Qd1 {...Re5 is the strong threat.} 54. Qe4 $2 (54. Re4 $19 Qd5 55. Qe2) 54... Re5 {Black mates.} 55. Qxe5 fxe5 56. Rxe5 {KQ-KR} Qg4+ 57. Kf1 Qxh4 58. Re3 Qh1+ 59. Ke2 f5 60. Re7+ Kh6 61. Re8 Kg5 62. Re6 Qh5+ 63. Ke1 Kf4 64. Re3 Qh1+ 65. Ke2 Qd5 66. Kf1 g5 67. Ke2 g4 68. Kf1 Kg5 69. Re8 Qb5+ {[%mdl 64] Double Attack} 70. Re2 {[#]} Qc4 $1 {Accuracy: White = 26%, Black = 75%.} 0-1

[Event "Winter CCCSA-IM 2020"]
[Site "Charlotte"]
[Date "2020.01.20"]
[Round "7.1"]
[White "Eswaran, Ashritha"]
[Black "Berczes, David"]
[Result "1/2-1/2"]
[WhiteElo "2252"]
[BlackElo "2433"]
[Annotator "RC"]
[PlyCount "64"]
[EventDate "2020.01.17"]
[EventType "tourn"]
[EventCountry "USA"]
[SourceTitle "playchess.com"]
[Source "ChessBase"]
[SourceQuality "1"]
[TimeControl "5400+30"]

1. e4 {[%emt 1:30:30]} e6 {[%emt 1:30:30]} 2. d4 {[%emt 0:00:30]} d5 {[%emt 0:00:30]} 3. Nc3 {[%emt 0:00:30]} Nf6 {[%emt 0:00:30]} 4. Bg5 {[%emt 0:00:30]} dxe4 {[%emt 0:00:30]} 5. Nxe4 {[%emt 0:00:30]} Be7 {[%emt 0:00:30]} 6. Bxf6 {[%emt 0:00:30]} gxf6 {[%emt 0:00:30]} 7. Nf3 {[%emt 0:00:30]} f5 {[%emt 0:00:30]} 8. Nc3 {[%emt 0:00:30]} a6 {[%emt 0:00:30]} 9. g3 {[%emt 0:00:30]} b5 {[%emt 0:00:30]} 10. Bg2 {[%emt 0:00:30]} Bb7 {[%emt 0:00:30]} 11. O-O {[%emt 0:00:30]} O-O {[%emt 0:00:30]} 12. Ne5 {[%emt 0:00:30]} Bxg2 {[%emt 0:00:30]} 13. Kxg2 {[%emt 0:00:30]} b4 {[%emt 0:00:30]} 14. Na4 {[%emt 0:00:30]} Qd5+ {[%emt 0:00:30]} 15. Qf3 {[%emt 0:00:30]} Qxf3+ {[%emt 0:00:30]} 16. Nxf3 {[%emt 0:00:30]} Nd7 {[%emt 0:00:30]} 17. Rfd1 {[%emt 0:00:30]} Nb6 {[%emt 0:00:30]} 18. Nc5 {[%emt 0:00:30]} Rfd8 {[%emt 0:00:30]} 19. Nd3 {[%emt 0:00:30]} Bf8 {[%emt 0:00:30]} 20. Rac1 {[%emt 0:00:30]} Na4 {[%emt 0:00:30]} 21. c3 {[%emt 0:00:30]} bxc3 {[%emt 0:00:30]} 22. bxc3 {[%emt 0:00:30]} c5 {[%emt 0:00:30]} 23. Nxc5 {[%emt 0:00:30]} Nb2 {[%emt 0:00:30]} 24. Rf1 {[%emt 0:00:30]} Bxc5 {[%emt 0:00:30]} 25. dxc5 {[%emt 0:00:30]} Rac8 {[%emt 0:00:30]} 26. Rb1 {[%emt 0:00:30]} Na4 {[%emt 0:00:30]} 27. Rb7 {[%emt 0:00:30]} Nxc5 {[%emt 0:00:30]} 28. Ra7 {[%emt 0:00:30]} Ne4 {[%emt 0:00:30]} 29. Ne5 {[%emt 0:00:30]} Rf8 {[%emt 0:00:30]} 30. Nd7 {[%emt 0:00:30]} Rfd8 {[%emt 0:00:30]} 31. Ne5 {[%emt 0:00:30]} Rf8 {[%emt 0:00:30]} 32. Nd7 {[%emt 0:00:30]} Rfd8 1/2-1/2

[Event "Winter CCCSA-IM 2020"]
[Site "Charlotte"]
[Date "2020.01.20"]
[Round "7.2"]
[White "Jacobson, Aaron"]
[Black "Uyanga, Byambaa"]
[Result "1-0"]
[WhiteElo "2336"]
[BlackElo "2113"]
[Annotator "TA"]
[PlyCount "57"]
[EventDate "2020.01.17"]
[EventType "tourn"]
[EventCountry "USA"]
[SourceTitle "playchess.com"]
[Source "ChessBase"]
[SourceQuality "1"]

{[%evp 13,57,32,37,35,42,41,76,76,104,79,68,55,76,55,74,59,95,73,123,103,216,202,291,288,435,452,485,474,520,514,596,576,854,837,833,807,1079,1035,1091,1070,1003,991,1748,1761,1839,1816]} 1. d4 Nf6 2. c4 g6 3. Nc3 Bg7 4. e4 O-O 5. h3 d6 6. Be3 e5 7. d5 Na6 8. g4 {E71: King's Indian: 4 e4 d6 5 h3} Nc5 9. Qc2 (9. f3 c6 10. Qd2 cxd5 11. cxd5 Bd7 12. Nge2 h5 13. Nc1 Rc8 14. Nb3 Nxb3 15. axb3 {0-1 (64) Grandelius,N (2691)-McShane,L (2688) Eskilstuna 2019}) 9... a5 10. O-O-O {White is better.} Bd7 11. Nge2 Ne8 $146 ({Predecessor:} 11... a4 12. Ng3 a3 13. b3 Ne8 14. Qd2 Qb8 15. Kb1 b6 {1-0 (49) Sivuk,V (2588)-Mariano,N (2235) Johor 2019}) 12. Ng3 c6 13. f3 cxd5 14. exd5 Qh4 {[#]} 15. Bf2 $1 Qd8 16. h4 Nc7 (16... f5 $16) 17. Be3 Rb8 (17... f5 {was called for.}) 18. h5 $18 f5 (18... Ne8 {keeps fighting.} 19. Qh2 Nf6) 19. hxg6 {White is clearly winning.} hxg6 20. gxf5 Bxf5 21. Nxf5 Rxf5 22. Bh3 Rxf3 23. Bxc5 Qg5+ 24. Kb1 Rxh3 25. Rxh3 dxc5 {[#]} 26. Ne4 $1 Qf5 27. Rg3 Ne8 28. Rdg1 Kf7 {[#]} 29. Rf3 $1 {[%mdl 512] Accuracy: White = 79%, Black = 28%.} 1-0

[Event "Winter CCCSA-IM 2020"]
[Site "Charlotte"]
[Date "2020.01.20"]
[Round "7.3"]
[White "Martin Del Campo C., Roberto"]
[Black "Liang, Jason"]
[Result "1/2-1/2"]
[WhiteElo "2322"]
[BlackElo "2353"]
[Annotator "TA"]
[PlyCount "161"]
[EventDate "2020.01.17"]
[EventType "tourn"]
[EventCountry "USA"]
[SourceTitle "playchess.com"]
[Source "ChessBase"]
[SourceQuality "1"]

{[%evp 13,161,-11,-5,-44,-31,-31,-19,-28,-39,-37,-29,-32,-31,-28,-35,-43,-22,-26,-28,-31,-29,-20,-22,-25,-23,-25,-12,-27,-21,-16,9,-8,0,0,0,7,8,0,13,17,0,5,20,16,29,27,33,40,32,18,43,45,50,39,268,285,281,276,286,285,252,263,277,270,266,251,330,330,308,241,369,85,147,40,45,47,55,0,46,0,14,14,15,0,0,0,0,0,0,-10,0,0,0,0,0,0,0,0,0,0,0,0,0,0,0,0,0,0,0,0,0,0,0,0,0,0,0,0,0,0,0,0,0,0,0,0,0,0,0,0,0,0,0,0,0,0,0,0,0,0,0,0,0,0,0,0,0,0,0,0]} 1. e4 e5 2. Nf3 Nc6 3. Bb5 Nf6 4. d4 exd4 5. e5 Ne4 6. O-O a6 7. Bxc6 dxc6 8. Qxd4 {C65: Ruy Lopez: Berlin Defence (3...Nf6), unusual lines and 4 0-0 Bc5} (8. Nxd4 {is more complex.} Bc5 9. c3 O-O 10. Re1 f5 11. Bf4) (8. Re1 Nc5 9. Nxd4 Ne6 10. Nxe6 Bxe6 11. Qf3 Qd4 12. Nc3 Qg4 13. Qxg4 Bxg4 14. Ne4 O-O-O 15. h3 Bf5 {½-½ (31) Mista,A (2617)-Gajewski,G (2615) Warsaw 2017}) 8... Qxd4 $146 ({Predecessor:} 8... Bf5 9. Nbd2 Bc5 10. Qc4 Qd5 11. Qxd5 cxd5 12. Nb3 Bb6 13. Nfd4 Bd7 14. f3 Nc5 15. Nxc5 Bxc5 {0-1 (73) Vinkel,V-Litvinov,V Moscow 1967}) 9. Nxd4 Be7 10. Re1 Nc5 11. Nc3 Bd7 12. f4 Ne6 13. Nf3 Bc5+ 14. Kh1 Nd4 15. Nxd4 Bxd4 16. Ne4 Rd8 17. c3 Ba7 18. Be3 Bxe3 19. Rxe3 Ke7 20. Rae1 Bc8 21. Kg1 Rhe8 22. Kf2 Kf8 23. h3 Rd5 24. g4 Red8 25. Ng5 Rd2+ 26. R1e2 h6 27. Nf3 Rxe2+ 28. Kxe2 $11 {[%mdl 4096] Endgame KRB-KRN} h5 29. f5 hxg4 30. hxg4 Ke7 31. b4 {[%cal Bb2b4,Bb4c5,Bc5c6][%mdl 32]} c5 32. bxc5 Rd5 33. c6 Ra5 $2 ({Black should try} 33... bxc6 $14 34. Nd4 Kf8) 34. f6+ $1 $18 gxf6 35. exf6+ Kf8 36. Ne5 bxc6 37. Kd3 {Strongly threatening Rh3.} Rd5+ 38. Ke4 $1 Rd6 {[#]} 39. g5 $1 Rd2 40. Re1 Be6 41. Ke3 (41. Nxc6 Bd5+ 42. Ke3 Rh2 $18) 41... Rc2 (41... Rd5 $142 42. Kf4 (42. Nxc6 Rxg5 43. Rd1 Rd5 $14) 42... Kg8) 42. Rh1 $2 (42. g6 $18 {Intending Rb1 and mate.} fxg6 43. Rb1) 42... Kg8 {[#]} (42... Rxc3+ $142 43. Kd4 Rh3) 43. Kd3 (43. c4 $1 $16) 43... Bf5+ $1 $14 44. Kc4 Be6+ 45. Kd3 (45. Kb4 $5 {[%cal Re5c6]} c5+ 46. Kxc5 $16) 45... Bf5+ $1 46. Ke3 {Black must now prevent c4.} (46. Kd4 $5 {[%cal Re5c6]} c5+ 47. Kxc5 $16) 46... Rxc3+ {The position is equal.} 47. Kf4 Be6 48. Rh2 Rc1 49. Rd2 Rf1+ 50. Ke3 Bd5 51. Rb2 Re1+ 52. Kf4 Rf1+ 53. Kg4 Be6+ 54. Kh4 $1 Rf4+ 55. Kh5 $1 Kh7 {And now ...Bf5 would win.} 56. Rh2 $1 Re4 57. Nxf7 {[%mdl 64] Decoy} Bxf7+ $11 {[#] KRB-KR} 58. g6+ $1 {[%mdl 512]} Kg8 (58... Bxg6+ 59. Kg5+) 59. Kg5 Be6 {...Rg4+ is the strong threat.} 60. Rb2 Bf7 61. Rb8+ Re8 62. gxf7+ Kxf7 63. Rxe8 Kxe8 {K3P-KPP} 64. Kf5 Kf7 65. Ke5 c5 66. Kd5 Kxf6 67. Kxc5 {KPP-KP} Ke7 68. Kc6 Kd8 69. a4 Kc8 70. a5 Kb8 71. Kc5 Kb7 72. Kd5 Ka7 73. Kc6 Kb8 74. Kc5 Kb7 75. Kd5 Kc8 76. Kc6 Kd8 77. Kb7 c5 78. Kxa6 {Kb7 would kill now.} c4 (78... Kc7 $5 79. Kb5 $8 Kd8 $11) 79. Kb7 $1 c3 {( -> ...c2)} (79... Kd7 $5 80. a6 $8 c3 $11) 80. a6 {White wants to mate with a7.} c2 81. a7 {Accuracy: White = 69%, Black = 63%.} 1/2-1/2

[Event "Winter CCCSA-IM 2020"]
[Site "Charlotte"]
[Date "2020.01.20"]
[Round "7.4"]
[White "Gauri, Shankar"]
[Black "Wheeler, Cameron"]
[Result "1/2-1/2"]
[WhiteElo "2350"]
[BlackElo "2383"]
[Annotator "TA"]
[PlyCount "34"]
[EventDate "2020.01.17"]
[EventType "tourn"]
[EventCountry "USA"]
[SourceTitle "playchess.com"]
[Source "ChessBase"]
[SourceQuality "1"]

{[%evp 20,26,22,5,0,9,0,-10,-13]} 1. Nf3 d5 2. g3 Nf6 3. Bg2 e6 4. O-O Be7 5. c4 O-O 6. b3 b6 7. Bb2 Bb7 8. cxd5 Nxd5 9. d4 Nd7 10. Nbd2 c5 11. Rc1 {The position is equal.} Rc8 {A14: English Opening: 1...e6 with b3 by White} 12. a3 (12. dxc5 Nxc5 13. Nd4 Bg5 14. N4f3 Bf6 15. Ne5 Bg5 16. Nef3 Bh6 17. Rc4 b5 18. Rh4 b4 19. Qe1 a5 20. Nc4 a4 {0-1 (34) Kovalyov,A (2644)-Sadorra,J (2555) Irving 2018}) 12... N5f6 13. dxc5 Rxc5 {[#]} {Predecessor:} 14. Rxc5 $146 Nxc5 15. b4 Nce4 16. Nxe4 Bxe4 17. Qxd8 Rxd8 {½-½ (40) Vadasz,L (2505)-Barczay,L (2465) Budapest 1978} 1/2-1/2

[Event "Winter CCCSA-IM 2020"]
[Site "Charlotte"]
[Date "2020.01.20"]
[Round "7.5"]
[White "Li, Eric"]
[Black "Francisco, Richard"]
[Result "1/2-1/2"]
[WhiteElo "2195"]
[BlackElo "2256"]
[Annotator "TA"]
[PlyCount "98"]
[EventDate "2020.01.17"]
[EventType "tourn"]
[EventCountry "USA"]
[SourceTitle "playchess.com"]
[Source "ChessBase"]
[SourceQuality "1"]

{[%evp 17,98,22,22,-18,-11,-9,0,-12,0,3,2,-8,0,0,0,7,15,0,0,0,0,0,0,-4,16,-43,-43,-43,-22,-43,-13,-22,-12,-44,0,0,0,-33,-42,-43,-25,-23,0,0,-32,-31,0,0,0,0,0,0,0,-87,-8,-20,0,0,0,-8,0,0,0,0,0,0,0,0,22,22,57,57,57,57,57,57,57,57,57,57,57,0,57]} 1. d4 Nf6 2. c4 e6 3. g3 d5 4. Nf3 Bb4+ 5. Bd2 Bxd2+ 6. Qxd2 O-O 7. Bg2 c6 8. O-O Nbd7 9. Rc1 Qe7 10. cxd5 {E11: Bogo-Indian} (10. Qe3 dxc4 11. Rxc4 Nd5 12. Qa3 Re8 13. Qxe7 Rxe7 14. e4 N5b6 15. Rc2 e5 16. Nbd2 a5 17. a3 g6 {0-1 (42) Kramnik,V (2803)-Andreikin,D (2713) Moscow 2013}) 10... exd5 11. Nc3 Nb6 12. Ne5 Ne8 $146 ({Predecessor:} 12... Ng4 13. Nd3 Nc4 14. Qe1 Bf5 15. e4 {½-½ (15) Grandelius,N (2536)-Urkedal,F (2447) Albena 2011}) 13. b3 Bf5 14. a4 {[%cal Ba2a4,Ba4a5][%mdl 32]} a6 (14... a5 {seems wilder.} 15. Re1 Nd6 16. e3 h6 17. Rad1 Rae8) 15. a5 Nd7 16. Nxd7 Bxd7 17. Na4 Nd6 18. Nc5 Rad8 19. Rc3 Bc8 20. Re1 Qf6 21. Qf4 ({White should play} 21. f3 $11) 21... Qxf4 $15 22. gxf4 Rfe8 23. e3 Re7 24. Rcc1 Rde8 25. Red1 h5 26. Bf3 g6 27. Nd3 Kg7 28. Kh1 Bf5 29. Nc5 Bc8 30. Rg1 Kh6 31. Be2 Bf5 32. Bd3 Bxd3 (32... Bh3 {keeps more tension.} 33. b4 Rh8 34. Bc2 Kg7 35. Bd3 Rhe8) 33. Nxd3 Ne4 34. Rc2 f6 35. Nc5 (35. h3 $11) 35... Nd6 (35... Nxc5 $17 36. Rxc5 g5) 36. Rg2 Nf5 37. Rc1 Rg8 38. Nd3 Rf7 39. Rcg1 Nd6 40. Nc5 Re7 41. Rg3 Ne4 42. Nxe4 Rxe4 $11 {[%mdl 4096] Endgame KRR-KRR} 43. h4 f5 44. Rc1 Kg7 45. Kg2 Kf7 46. Kf3 Rge8 47. Rgg1 R8e6 48. Rg2 Re8 49. Rgg1 R8e6 $1 {Accuracy: White = 51%, Black = 49%.} 1/2-1/2

[Event "Winter CCCSA-IM 2020"]
[Site "Charlotte"]
[Date "2020.01.20"]
[Round "8.1"]
[White "Berczes, David"]
[Black "Li, Eric"]
[Result "1-0"]
[WhiteElo "2433"]
[BlackElo "2195"]
[Annotator "TA"]
[PlyCount "131"]
[EventDate "2020.01.17"]
[EventType "tourn"]
[EventCountry "USA"]
[SourceTitle "playchess.com"]
[Source "ChessBase"]
[SourceQuality "1"]

{[%evp 9,131,0,8,8,24,35,28,42,34,24,16,27,77,30,59,9,36,47,55,60,105,96,79,99,87,73,73,73,73,73,72,66,66,74,74,79,64,61,66,69,97,90,98,97,87,94,89,93,108,0,0,0,0,0,0,0,0,7,6,14,17,0,27,19,19,0,46,2,8,0,0,0,0,0,0,0,0,0,0,0,0,0,0,0,0,0,0,0,0,0,0,0,0,0,29972,29973,29974,8,34,34,29973,29974,29977,29978,29978,29979,29979,29979,29979,29980,29980,29981,29985,29986,29987,29985,29986,29986,29991,29992,29992,29991,29991,29989]} 1. d4 Nf6 2. Nf3 d5 3. g3 c5 4. Bg2 cxd4 5. O-O h6 6. Bf4 {D02: 1 d4 d5 2 Nf3 sidelines, including 2...Nf6 3 g3 and 2...Nf6 3 Bf4} (6. Nxd4 e5 7. Nb3 Be6 8. c4 Nc6 9. cxd5 Bxd5 10. Nc3 Bxg2 11. Kxg2 Be7 12. Be3 O-O 13. Rc1 Rc8 14. Qxd8 Rfxd8 15. Rfd1 Rxd1 16. Rxd1 {1-0 (40) Socko,B (2627)-Tomczak,J (2631) Warsaw 2019}) 6... Nbd7 7. Qxd4 e6 8. c4 {White has an edge.} Bc5 9. Qd3 dxc4 $146 ({Predecessor:} 9... O-O 10. cxd5 Nxd5 11. Nc3 Nxf4 12. gxf4 Nf6 13. Ne5 Qxd3 14. Nxd3 {1-0 (49) Mego,P (2347)-Prokopp,H (2427) ICCF email 2007}) 10. Qxc4 Nd5 11. Bd2 Qc7 12. Qb3 O-O 13. Nc3 Nxc3 14. Qxc3 Bb6 15. Qxc7 Bxc7 16. Rac1 Bd8 17. Nd4 Bf6 18. Nb5 Bxb2 19. Rc2 Be5 20. Bb4 {Rd1 is the strong threat.} Re8 $1 21. f4 a6 22. fxe5 axb5 23. Bd6 Ra4 24. Rb1 Nb6 25. Rxb5 Nc4 26. Rc5 Nxd6 27. exd6 Bd7 28. Rc7 Rd8 29. Rd2 (29. Bxb7 $16 Rd4 30. R2c4 Rxd6 31. a4) 29... b5 $11 30. Bc6 Bxc6 31. Rxc6 {[%mdl 4096] Endgame KRR-KRR} Rc4 32. Rb6 Rc5 33. Kf2 Rd7 34. Rb2 Rd5 35. R2xb5 R5xd6 (35... R7xd6 {seems wilder.} 36. a4 Rxb6 37. Rxb6 Ra5 38. Rb8+ Kh7) 36. Rxd6 Rxd6 {KR-KR} 37. Ke3 Rd1 38. Rb8+ Kh7 39. Rb2 g5 40. a4 {[%cal Ba2a4,Ba4a5,Ba5a6][%mdl 32]} Ra1 41. Rb4 Kg6 42. Kd3 Ra2 43. Kc4 Rxe2 44. a5 {Hoping for a6.} Rxh2 45. a6 {Strongly threatening Kb3.} Rc2+ 46. Kb5 Rc8 47. a7 Ra8 48. Ka6 f5 49. Kb7 Rxa7+ 50. Kxa7 f4 51. gxf4 {Threatens to win with Kb6.} gxf4 $2 {[%mdl 8192]} (51... Kf5 $11) 52. Rxf4 {KR-KPP} Kg5 53. Rf8 $2 (53. Rf7 {mates} h5 54. Kb6 h4 55. Kc5 h3 56. Kd4 Kg4 57. Ke3 h2 58. Rg7+ Kh3 59. Kf2 (59. Rh7+ Kg2 $11) 59... h1=N+ 60. Kf3) 53... h5 54. Kb6 Kg4 $2 {[%mdl 8192]} (54... e5 $14) 55. Kc5 {White mates.} h4 56. Kd4 $1 h3 57. Ke3 $1 h2 58. Rh8 Kg3 {[#]} 59. Rg8+ $1 Kh3 {[#]} 60. Kf2 $1 ({Worse is} 60. Rh8+ Kg2 $11) 60... h1=N+ 61. Kf3 {[%cal Rg8h8]} Kh2 62. Rg2+ Kh3 63. Rg6 {[%cal Rg6h6]} Kh2 64. Rxe6 Kg1 65. Rg6+ Kf1 66. Ke3 {Played: Rg6-g2} 1-0